The hopes and fears of all the years (Record no. 407141)
[ view plain ]
| 000 -LEADER | |
|---|---|
| fixed length control field | 00522crm a2200193 i 4500 |
| 005 - DATE AND TIME OF LATEST TRANSACTION | |
| control field | 20250418122537.0 |
| 008 - FIXED-LENGTH DATA ELEMENTS--GENERAL INFORMATION | |
| fixed length control field | 250418b |||||||| |||| 00| 0 eng d |
| 040 ## - CATALOGING SOURCE | |
| Description conventions | rda |
| 092 ## - LOCALLY ASSIGNED DEWEY CALL NUMBER (OCLC) | |
| Item number | Puzzles |
| 245 ## - TITLE STATEMENT | |
| Title | The hopes and fears of all the years |
| 264 ## - Production, Publication, Distribution, Manufacture, and Copyright Notice. | |
| Place of production, publication, distribution, manufacture | Ningbo, China : |
| Name of producer, publisher, distributor, manufacturer | Deseret Book, |
| Date of production, publication, distribution, manufacture, or copyr | 2022 |
| 300 ## - PHYSICAL DESCRIPTION | |
| Extent | 500 pieces |
| Other physical details | 25 x 32 inches |
| 520 ## - SUMMARY, ETC. | |
| Summary, etc | If out of season please request from staff |
| 521 ## - TARGET AUDIENCE NOTE | |
| Target audience note | Family |
| 942 ## - ADDED ENTRY ELEMENTS (KOHA) | |
| Source of classification or shelving scheme | Dewey Decimal Classification |
| Koha item type | Puzzles |
| Withdrawn status | Lost status | Source of classification or shelving scheme | Damaged status | Not for loan | Collection code | Home library | Current library | Shelving location | Date acquired | Total Checkouts | Full call number | Barcode | Date last seen | Price effective from | Koha item type | Public note |
|---|---|---|---|---|---|---|---|---|---|---|---|---|---|---|---|---|
| Dewey Decimal Classification | Seasonal Puzzles | Wasatch County Library | Wasatch County Library | Main Floor Magazine Area | 04/18/2025 | Puzzles Seasonal The Hopes and Fears | 34301002023911 | 08/21/2025 | 04/18/2025 | Puzzles | If out of season please request from staff |
